Chanteurs et chanteuses au cinéma - Statistiques

Statistiques générales
  • Ce quiz a été pris 1 047 fois
    1 046 depuis la dernière actualisation
  • Le résultat moyen est 11 sur 16
Statistiques - réponses
Par images Réponse % Correct
Louane / La Famille Bélier
97%
Patrick Bruel / Le Prénom
92%
Eminem / 8 Mile
89%
Lady Gaga / A Star is Born
89%
Elvis Presley / Le Rock du bagne
86%
Rihanna / Battleship
85%
-M- & Vanessa Paradis / Un monstre à Paris
84%
Joeystarr / Polisse
72%
Whitney Houston / Bodyguard
68%
Harry Styles / Dunkerque
64%
Nekfeu / Tout nous sépare
64%
Justin Timberlake / The Social Network
63%
Beyoncé / Austin Powers dans Goldmember
54%
Roméo Elvis / Mandibules
47%
Benjamin Biolay / Stella
45%
Frank Sinatra / Tant qu'il y aura des hommes
33%
Aucun quiz correspondant
Distribution des résultats
% des personnes avec chaque résultat
Percentile par nombre de réponses
Votre historique - résultats
Vous n’avez pas pris ce quiz depuis la dernière actualisation